000 01089nam a2200349 a 4500
999 _c7690
_d7690
001 7690
003 BD-JhCC
005 20180418171522.0
008 730515s1958 nyua 001 0 eng d
035 _a(BD-JhCC)7690
035 _a(OCoLC)00549931
035 _aGLIS00349180
040 _aBD-JhCC
_cDLC
_dBD-JhCC
_dMYG
041 _aeng
050 0 _aQH431
_b.S65 1958
082 _a576.5
_bSIN 1958
099 _aQH431.S65 1958
100 1 _aSinnott, Edmund W.
_q(Edmund Ware),
_d1888-1958.
245 1 0 _aPrinciples of genetics /
_c[by] Edmund W. Sinnott, L. C. Dunn [and] Theodosius Dobzhansky.
250 _a5th ed.
260 _aNew York,
_bMcGraw-Hill,
_c1958.
300 _a459 p.
_billus.
_c26 cm.
490 1 _aMcGraw-Hill publications in the botanical sciences
504 _aIncludes Index and Bibliography
650 0 _aGenetics.
650 0 _aVariation (Biology)
650 0 _aEugenics.
830 0 _aMcGraw-Hill publications in the botanical sciences.
942 _2ddc
_cBK
949 _aMYGS
_b39080004955156